ბათუმის შოთა რუსთაველის სახელმწიფო უნივერსიტეტის ბიბლიოთეკა

რას მოგვითხრობს "ქართლის ცხოვრება / (ბიბ.ჩანაწერი № 56224)

000 -ლიდერი
ფიქსირებული სიგრძის საკონტროლო ველი 01141nam a2200241Ia 4500
001 - საკონტროლო ნომერი
საკონტროლო ველი 23325
003 - საკონტროლო ნომრის იდენტიფიკატორი
საკონტროლო ველი GE_BSU
005 - ბოლო ოპერაციის თარიღი და დრო
საკონტროლო ველი 20251204193217.0
008 - ფიქსირებული სიგრძის მონაცემთა ელემენტები - ზოგადი ინფორმაცია
ფიქსირებული სიგრძის საკონტროლო ველი 181216s1961||||ge |||||||||||||| ||geo||
040 ## - კატალოგიზაციის წყარო
Transcribing agency GE_BSU
041 ## - ენის კოდი
Language code of text/sound track or separate title geo
080 ## - უნივერსალური ათობითი კლასიფიკაციის ინდექსი
Universal Decimal Classification number 94(479.22) გ-82
100 ## - მთავარი ჩანაწერი - პიროვნების სახელი
Personal name გრიგოლია, კონსტანტინე
9 (RLIN) 19213
245 ## - ცნობა სათაურის შესახებ
Title რას მოგვითხრობს "ქართლის ცხოვრება /
Statement of responsibility, etc კონსტანტინე გრიგოლია ; რედ.: ნ. ჯანელიძე ; მხატვ.: ნ. იგნატოვი.
250 ## - გამოცემის ცნობა
Edition statement მე-2 შევსებ. და შესწორ. გამოც.
264 ## - წარმოების, გამოცემის, დისტრიბუციის და სხვა ცნობები
გამოცემის, წარმოების, დისტრიბუციის... ადგილი თბილისი :
გამოცემის, წარმოების, დისტრიბუციის... სახელწოდება განათლება,
გამოცემის, წარმოების, დისტრიბუციის... თარიღი 1971.
300 ## - ფიზიკური აღწერა
Extent 203 გვ. :
Other physical details ილ. ;
Dimensions 22 სმ.
653 ## - INDEX TERM--UNCONTROLLED
Uncontrolled term რას მოგვითხრობს "ქართლის ცხოვრება
700 ## - ADDED ENTRY--PERSONAL NAME
Personal name ჯანელიძე, ნ.
Relator term რედაქტორი
9 (RLIN) 2311
700 ## - ADDED ENTRY--PERSONAL NAME
Personal name იგნატოვი, ნ.
Relator term მხატვარი
9 (RLIN) 26357
942 ## - ADDED ENTRY ELEMENTS (KOHA)
Koha item type წიგნი
Source of classification or shelving scheme
ეგზემპლარები
ჩამოწერის სტატუსი დაკარგული ეგზემპლარის სტატუსი კლასიფიკაციის წყარო ან თაროზე გაწყობის სქემა დაზიანების სტატუსი არ გაიცემა მუდმივი მდებარეობა (დაცვის ადგილი) ამჟამინდელი ადგილსამყოფელი თაროზე განთავსების ადგილი შეძენის თარიღი ღირებულება, შესყიდვის ნორმალური ფასი სრული შენახვის შიფრი შტრიხკოდი ბოლო ოპერაციის თარიღი ეგზემპლარის მიმდევრობითი ნომერი (კეტერი?) ფასის ძალაში შესვლის თარიღი ეგზემპლარის სახეობა საჯარო შენიშვნა
          ბათუმის შოთა რუსთაველის სახელმწიფო უნივერსიტეტის მთავარი ბიბლიოთეკა ბათუმის შოთა რუსთაველის სახელმწიფო უნივერსიტეტის მთავარი ბიბლიოთეკა წიგნსაცავი 2018-12-17 1.74 94(479.22) გ-82 28274 2018-12-17 28274 2018-12-17 წიგნი 1.74 ₾.